000 00683nam a2200241Ia 4500
003 OSt
005 20220918223216.0
006 a|||||r|||| 00| 0
007 ta
008 220917b |||||||| |||| 00| 0 eng d
024 _a221,284
037 _cTextual
040 _aARTS
_cARTS
_beng
041 _2eng
_aeng
082 _a2:(D65,8(B):71), P2
100 _aStephens Michael T.
_923505
245 0 _aLibarary internet trainer's tool kit
260 _aLondon
_bLibrary Association Publishing
_c2002
300 _axviii,221p.
_ccm.
650 _aLIBRARY SCIENCE
942 _h2:(D65,8(B):71), P2
_cTEXL
_2CC
999 _c277804
_d277804